000 01198cam a22002054a 4500
005 20250605164128.0
008 250528s ||||||||||||||||||||||||d
035 _a18530
020 _a534043569
040 _aGR-AtMCL
_bgre
_dGR-AtMCL
_eAACR2
245 1 _aNumerical Mathematics and Computing / Second Edition
250 _a2nd
260 _bBrooks/Cole Publishing Company
_bKincaid David,
_c1985
300 _a564
520 _aIntroduction, Number Representation and Errors, Locating Roots of Equations, Interpolation and Numerical Differentiation, Numerical Integration, Systems of Linear Equations, Approximation by Spline Functions, Ordinary Differential Equations, Monte Carlo Methods and Simulation, Smoothing of Data and the Method of Least Squares, Systems of Ordinary Differential Equations, Boundary Value Problems for Ordinary Differential Equations, Partial Differential Equations, The Minimization of Multivariate Functions, Linear Programming, Appendix A: Review of Fortran 77 Programming, Appendix B: Linear Algebra Concepts and Notation, Answers to Selected Problems, References, Index.
700 1 _aCheney Ward
_94796
942 _cBK
999 _c3885
_d3885